| 000 | 00424nam a2200181Ia 4500 | ||
|---|---|---|---|
| 008 | 210210b1963 xxu||||| |||| 00| 0 eng d | ||
| 041 | _aeng | ||
| 082 | _a320/243 | ||
| 100 | _aHAYEK (F A) | ||
| 245 | _aConstitution of liberty | ||
| 260 |
_aLondon _bRoutledg & Kegan Paul _c1963 |
||
| 300 | _ax,569 | ||
| 650 | _aof | ||
| 650 | _aliberty | ||
| 650 | _aConstitution | ||
| 690 | _aPolitical Science | ||
| 906 | _a001993 | ||
| 999 |
_c118048 _d118048 |
||